Functional morphology of the Golgi apparatus /

Bibliographic Details
Main Author: Pavelka, Margit, 1945-
Format: Book
Language:English
Published: Berlin ; New York : Springer-Verlag, [1987]
Series:Advances in anatomy, embryology, and cell biology ; v. 106.
Subjects:

MARC

Tag First Indicator Second Indicator Subfields
LEADER 00000cam a2200000 a 4500
001 in00000006917
005 20151004070011.0
008 870619s1987 wb a b 00110 eng
010 |a  87016504  
020 |a 0387180621 (U.S. : pbk.) 
035 |a (OCoLC)16129983 
035 |9 AAA1375AM 
040 |a DLC  |c DLC  |d TXA  |d UtOrBLW 
049 |a TXAM  |c [A12558066] 
050 0 0 |a QL801  |b .E67 vol. 106  |a QH603.G6 
082 0 |a 574.4 s  |a 574.8/734  |2 19 
100 1 |a Pavelka, Margit,  |d 1945- 
245 1 0 |a Functional morphology of the Golgi apparatus /  |c Margit Pavelka. 
264 1 |a Berlin ;  |a New York :  |b Springer-Verlag,  |c [1987] 
264 4 |c ©1987 
300 |a viii, 94 pages :  |b illustrations ;  |c 25 cm. 
336 |a text  |b txt  |2 rdacontent 
337 |a unmediated  |b n  |2 rdamedia 
338 |a volume  |b nc  |2 rdacarrier 
490 1 |a Advances in anatomy, embryology, and cell biology ;  |v v. 106 
504 |a Bibliography: pages 70-91. 
500 |a Includes index. 
650 0 |a Golgi apparatus. 
830 0 |a Advances in anatomy, embryology, and cell biology ;  |v v. 106. 
999 |a MARS 
999 f f |s 83c7aa95-d92d-3ff2-91a5-7548b0fe58d6  |i c8a5ce7c-045b-3a98-8b1e-02b8ecfb96e1  |t 0 
952 f f |p ric  |a Texas A&M University  |b Rellis Campus  |c Joint Library Facility  |d Remote Storage  |t 0  |e QL801 .E67 v.106  |h Library of Congress classification  |i unmediated -- volume  |m A14812558066 
998 f f |a QL801 .E67 v.106  |t 0  |l Remote Storage